Textbook of Orthodontics (Record no. 32806)
[ view plain ]
| 000 -LEADER | |
|---|---|
| fixed length control field | 00333nam a22001457a 4500 |
| 003 - CONTROL NUMBER IDENTIFIER | |
| control field | SGT |
| 020 ## - INTERNATIONAL STANDARD BOOK NUMBER | |
| International Standard Book Number | 9788181915337 |
| 082 ## - DEWEY DECIMAL CLASSIFICATION NUMBER | |
| Classification number | 617.643 |
| Item number | t21s |
| 100 ## - MAIN ENTRY--PERSONAL NAME | |
| Personal name | Sankar, Gowri S. |
| 245 ## - TITLE STATEMENT | |
| Title | Textbook of Orthodontics |
| 250 ## - EDITION STATEMENT | |
| Edition statement | 2nd Ed. |
| 260 ## - PUBLICATION, DISTRIBUTION, ETC. (IMPRINT) | |
| Place of publication, distribution, etc | Hyderabad, India |
| Name of publisher, distributor, etc | Paras Medical Pub. |
| Year of Publication | 2021 |
| 300 ## - PAGE DESCRIPTION | |
| No. of Pages | 857 |
| 942 ## - ADDED ENTRY ELEMENTS (KOHA) | |
| Source of classification or shelving scheme | Dewey Decimal Classification |
| Koha item type | Books |
| Withdrawn status | Lost status | Source of classification or shelving scheme | Damaged status | Use restrictions | Not for loan | Home library | Current library | Shelving location | Date acquired | Vendor Name | Cost, normal purchase price | SGTU | Bill Number | Full call number | Accession No. (Barcode) | Date last seen | Bill Date | Koha item type | Total Checkouts | Date last borrowed | Checked out |
|---|---|---|---|---|---|---|---|---|---|---|---|---|---|---|---|---|---|---|---|---|---|
| Dewey Decimal Classification | Restricted Access | Not For Loan | SGT Dental Library | SGT Dental Library | Reference Book | 13/10/2025 | Ahuja Book Co. Pvt. Ltd. | 2195.00 | SGTU | 21713 | 617.643 t21s | FD9887 | 13/10/2025 | Books | |||||||
| Dewey Decimal Classification | SGT Dental Library | SGT Dental Library | Text Book | 13/10/2025 | Ahuja Book Co. Pvt. Ltd. | 2195.00 | SGTU | 21713 | 617.643 t21s | FD9888 | 05/06/2026 | Books | 47 | 02/06/2026 | |||||||
| Dewey Decimal Classification | SGT Dental Library | SGT Dental Library | Text Book | 13/10/2025 | Ahuja Book Co. Pvt. Ltd. | 2195.00 | SGTU | 21713 | 617.643 t21s | FD9889 | 04/06/2026 | Books | 41 | 25/05/2026 | |||||||
| Dewey Decimal Classification | SGT Dental Library | SGT Dental Library | Text Book | 13/10/2025 | Ahuja Book Co. Pvt. Ltd. | 2195.00 | SGTU | 21713 | 617.643 t21s | FD9890 | 01/05/2026 | Books | 24 | 01/05/2026 | 15/05/2026 | ||||||
| Dewey Decimal Classification | SGT Dental Library | SGT Dental Library | Text Book | 13/10/2025 | Ahuja Book Co. Pvt. Ltd. | 2195.00 | SGTU | 21713 | 617.643 t21s | FD9891 | 07/05/2026 | Books | 49 | 07/05/2026 | 21/05/2026 |